Ports policy (Record no. 105451)
[ view plain ]
| 000 -LEADER | |
|---|---|
| fixed length control field | 01475cam a2200241 4500 |
| 001 - CONTROL NUMBER | |
| control field | ##L133692 |
| 008 - FIXED-LENGTH DATA ELEMENTS--GENERAL INFORMATION | |
| fixed length control field | 060602n2006 000 0 eng u |
| 035 ## - SYSTEM CONTROL NUMBER | |
| System control number | (Sirsi) u133692 |
| 041 0# - LANGUAGE CODE | |
| Language code of text/sound track or separate title | eng |
| 050 04 - LIBRARY OF CONGRESS CALL NUMBER | |
| Classification number | 711.76 $2 18 |
| 110 1# - MAIN ENTRY--CORPORATE NAME | |
| Corporate name or jurisdiction name as entry element | United Kingdom |
| Subordinate unit | Department of Transport |
| 9 (RLIN) | 4934 |
| 245 00 - TITLE STATEMENT | |
| Title | Ports policy |
| Remainder of title | your views invited |
| -- | DfT's discussion document for the ports policy review |
| 260 ## - PUBLICATION, DISTRIBUTION, ETC. | |
| Place of publication, distribution, etc. | London |
| Name of publisher, distributor, etc. | Department of Transport |
| Date of publication, distribution, etc. | 2006 |
| 300 ## - PHYSICAL DESCRIPTION | |
| Extent | 106p. |
| 520 ## - SUMMARY, ETC. | |
| Summary, etc. | This consultation document invites the views of the public on the future of the ports industry in England, Wales and Northern Ireland. Key issues addressed include the likely future demand for port capacity, how to ensure that meeting that demand reflects the objectives of sustainable development, how far the government should reflect regional development objectives in encouraging the provision of future ports capacity, and how the government can help smaller ports to realise their full potential, both as businesses and for the benefit of their wider communities. The consultation period ends on 1 September 2006. |
| 590 ## - LOCAL NOTE (RLIN) | |
| Local note | IKA060606 |
| 651 #4 - SUBJECT ADDED ENTRY--GEOGRAPHIC NAME | |
| Geographic name | England |
| Chronological subdivision | 886- |
| 651 #4 - SUBJECT ADDED ENTRY--GEOGRAPHIC NAME | |
| Geographic name | Wales |
| Chronological subdivision | 1998-2007 |
| 651 #4 - SUBJECT ADDED ENTRY--GEOGRAPHIC NAME | |
| Geographic name | NORTHERN IRELAND |
| 690 ## - LOCAL SUBJECT ADDED ENTRY--TOPICAL TERM (OCLC, RLIN) | |
| Topical term or geographic name as entry element | PROPERTY-INFRASTRUCTURE-WATER TRANSPORT AND PROTECTION INFRASTRUCTURE |
| 856 41 - ELECTRONIC LOCATION AND ACCESS | |
| Uniform Resource Identifier | <a href="https://www.dft.gov.uk/stellent/groups/dft_shipping/documents/divisionhomepage/611692.hcsp">https://www.dft.gov.uk/stellent/groups/dft_shipping/documents/divisionhomepage/611692.hcsp</a> |
| Public note | View the item free of charge at www.dft.gov.uk... |
| 942 ## - ADDED ENTRY ELEMENTS (KOHA) | |
| Suppress in OPAC | 0 |
| Withdrawn status | Lost status | Source of classification or shelving scheme | Damaged status | Not for loan | Home library | Current library | Shelving location | Date acquired | Total Checkouts | Full call number | Barcode | Date last seen | Copy number | Price effective from | Koha item type |
|---|---|---|---|---|---|---|---|---|---|---|---|---|---|---|---|
| Dewey Decimal Classification | Virtual | Virtual | Online | 02/06/2006 | ONLINE PUBLICATION | 133692-1001 | 06/08/2019 | 1 | 06/08/2019 | Book |